LEADER 01318nam0-2200361 --450 001 9910357760303321 005 20200102111544.0 010 $a389500393X 010 $a978-3-89500-393-6 100 $a20191230d2006----kmuy0itay5050 ba 101 0 $ager 102 $aDE 105 $aa b 001yy 200 1 $aReliefgeschmückte Gattungen römischer Lebenskulptur$egriechische Originalskulptur$eMonumente orientalischer Kulte$fBearb. von Friderike Sinn$gMit Beitr. von Alexandra Busch ... [et al.]$gFotos von Raoul Laev ... [et al.] 210 $aWiesbaden$cReichert$d2006 215 $a334 p., 112 p. di tav.$cill.$d31 cm 225 1 $aMonumenta artis romanae$v33. 225 1 $aKatalog der Skulpturen$v3. 300 $aIn testa al front.: Vatikanische Museen, Museo Gregoriano profano ex Lateranense 610 0 $aScultura romana$aCataloghi 676 $a733.5$v21$zita 676 $a733.3 702 1$aSinn,$bFriderike 702 1$aBusch,$bAlexandra W. 702 1$aLaev,$bRaoul 710 02$aMusei Vaticani$bMuseo Gregoriano profano$0769670 801 0$aIT$bUNINA$gREICAT$2UNIMARC 901 $aBK 912 $a9910357760303321 952 $a733 CATALOGHI 2 (3)$bBibl. 2019$fFLFBC 959 $aFLFBC 996 $aReliefgeschmückte Gattungen römischer Lebenskulptur$91569279 997 $aUNINA LEADER 01559nam 2200325 n 450 001 996390837203316 005 20221107143409.0 035 $a(CKB)4940000000103007 035 $a(EEBO)2240875476 035 $a(UnM)99844711 035 $a(EXLCZ)994940000000103007 100 $a19910906d1593 uy | 101 0 $alat 135 $aurbn||||a|bb| 200 00$aEratosthenes, hoc est, Breuis et luculenta defensio Lysiĉ pro cĉde Eratosthenis, prĉlectionibus illustrata Andreĉ Dunĉi in Academia Cantabrigiensi Grĉcĉ linguĉ regij professoris; in quibus fuse? explicantur multa, quĉ tum ad ejus lingĉ cognitionem, tum ad alias res attinent$b[electronic resource] 210 $a[Cambridge] $cExcudebat Iohannes Legatus, inclytĉ Academiĉ Catabrigiensis typographus$dAnno Dom. 1593 215 $a[48], 248 p 300 $aThe Greek text followed by Latin translation and notes. 300 $aReproduction of the original in the Henry E. Huntington Library and Art Gallery. 330 $aeebo-0113 700 $aLysias$0186235 702 $aDownes$b Andrew$f1549?-1628.$4aut 801 0$bCu-RivES 801 1$bCu-RivES 801 2$bCStRLIN 801 2$bWaOLN 906 $aBOOK 912 $a996390837203316 996 $aEratosthenes, hoc est, Breuis et luculenta defensio Lysiĉ pro cĉde Eratosthenis, prĉlectionibus illustrata Andreĉ Dunĉi in Academia Cantabrigiensi Grĉcĉ linguĉ regij professoris; in quibus fuse? explicantur multa, quĉ tum ad ejus lingĉ cognitionem, tum ad alias res attinent$92352999 997 $aUNISA